[Event "VIII Weekend B"]
[Site "Porto Sant'Elpidio ITA"]
[Date "2005.11.19"]
[Round "1"]
[White "Trancanelli, Claudio"]
[Black "Cellini, Francesco"]
[Result "1-0"]
[WhiteElo "1693"]
[BlackElo "1506"]
[PlyCount "37"]
[EventDate "2005.11.19"]

1. e4 c6 2. d4 d5 3. exd5 cxd5 4. Nf3 Nf6 5. Bf4 Nc6 6. Nbd2 Bg4 7. c3 a6 8.
Bd3 e6 9. O-O Be7 10. Qc2 h6 11. h3 Nh5 12. Be5 Bxf3 13. Nxf3 Nxe5 14. Nxe5 Nf4
15. Qb3 f6 16. Ng6 Nxg6 17. Bxg6+ Kf8 18. Rfe1 Qd6 19. Re3 1-0

[Event "VIII Weekend B"]
[Site "Porto Sant'Elpidio ITA"]
[Date "2005.11.20"]
[Round "2"]
[White "Agostini, Renzo"]
[Black "Menichelli, Alessandro"]
[Result "0-1"]
[WhiteElo "1389"]
[BlackElo "1493"]
[PlyCount "130"]
[EventDate "2005.11.19"]

1. d4 Nf6 2. Nf3 c5 3. c3 e6 4. e3 cxd4 5. cxd4 Bb4+ 6. Nbd2 Ne4 7. Bd3 Nxd2 8.
Bxd2 Nc6 9. O-O b6 10. e4 Bxd2 11. Qxd2 Bb7 12. Rfe1 O-O 13. a3 Qf6 14. e5 Qe7
15. Bc2 Na5 16. Qd3 g6 17. Re3 Rac8 18. b3 f5 19. exf6 Rxf6 20. d5 Bxd5 21.
Qxd5 exd5 22. Rxe7 Rxc2 23. Rxd7 Rfc6 24. Re1 Rc1 25. h4 Rxe1+ 26. Nxe1 Rc1 27.
Kf1 Nxb3 28. Rxd5 Rc7 29. g4 Re7 30. a4 Kg7 31. Nf3 Nc5 32. a5 Rd7 33. Rxd7+
Nxd7 34. axb6 axb6 35. Nd4 Ne5 36. f3 b5 37. f4 Nxg4 38. Nxb5 Kf6 39. Kg2 Ne3+
40. Kf3 Nf5 41. Kg4 h5+ 42. Kh3 Ke6 43. Nc7+ Kd6 44. Nb5+ Kc5 45. Nc3 Kd4 46.
Ne2+ Ke3 47. Ng3 Nxg3 48. Kxg3 Ke4 49. f5 gxf5 50. Kf2 Kf4 51. Kg2 Kg4 52. Kf2
f4 53. Kg2 f3+ 54. Kf2 Kf4 55. Kf1 Kg3 56. Ke1 Kf4 57. Kf2 Kg4 58. Kg1 Kxh4 59.
Kh2 Kg4 60. Kg1 h4 61. Kh2 Kf4 62. Kh3 Ke4 63. Kh2 Ke3 64. Kg1 Ke2 65. Kh2 f2
0-1

[Event "VIII Weekend B"]
[Site "Porto Sant'Elpidio ITA"]
[Date "2005.11.20"]
[Round "2"]
[White "Baleani, Emanuele"]
[Black "Piergentili, Roberto"]
[Result "0-1"]
[WhiteElo "1744"]
[BlackElo "1652"]
[PlyCount "122"]
[EventDate "2005.11.19"]

1. e4 c5 2. Nf3 d6 3. d4 cxd4 4. Nxd4 Nf6 5. Nc3 a6 6. Bc4 e6 7. Bb3 Be7 8. Be3
Nbd7 9. Bxe6 Nc5 10. Bxc8 Rxc8 11. f3 O-O 12. Nf5 Re8 13. Nxe7+ Qxe7 14. O-O
Rcd8 15. Re1 h6 16. Qd2 b5 17. Rad1 Nb7 18. Nd5 Nxd5 19. Qxd5 Qc7 20. Bf4 Re6
21. Rd2 Rf6 22. Bg3 Rg6 23. Red1 Qe7 24. Qd4 h5 25. Qa7 Rd7 26. Qxa6 h4 27. Bf4
Qf6 28. Qxb5 Re7 29. Bxd6 Nxd6 30. Rxd6 Qxf3 31. Qf1 Qxe4 32. Rxg6 Qxg6 33.
Rd8+ Kh7 34. Qd3 f5 35. Rd6 Qg5 36. Qd2 f4 37. Qd3+ g6 38. Kf1 Re3 39. Rd7+ Kh6
40. Qd4 Re5 41. Rd5 f3 42. Rxe5 Qxg2+ 43. Ke1 Qh1+ 44. Kd2 Qxh2+ 45. Kc3 f2 46.
Qe3+ Kg7 47. Re7+ Kf6 48. Qe6+ Kg5 49. Qe3+ Kf6 50. Re8 Qc7+ 51. Kd2 f1=N+ 52.
Kc1 Nxe3 53. Rxe3 g5 54. c3 Qf4 55. Kd2 g4 56. Ke2 h3 57. Re8 Qf3+ 58. Ke1 Qg3+
59. Ke2 h2 60. Rf8+ Kg7 61. Rf2 Qxf2+ 0-1

[Event "VIII Weekend B"]
[Site "Porto Sant'Elpidio ITA"]
[Date "2005.11.20"]
[Round "2"]
[White "Battistelli, Gianluca"]
[Black "Perdichizzi, Roberto"]
[Result "1-0"]
[WhiteElo "1545"]
[BlackElo "1425"]
[PlyCount "60"]
[EventDate "2005.11.19"]

1. e4 d6 2. d4 Nf6 3. Nc3 g6 4. Bg5 Bg7 5. Qd2 c6 6. Bd3 O-O 7. Nge2 b5 8. f3
a5 9. Bh6 Nbd7 10. Bxg7 Kxg7 11. h4 b4 12. Nd1 Ba6 13. Bxa6 Rxa6 14. h5 Nxh5
15. g4 Ndf6 16. gxh5 Nxh5 17. Nf2 f5 18. Qd3 Ra8 19. O-O-O e6 20. Rdg1 Qf6 21.
Rxh5 Kh8 22. Rhh1 Rac8 23. e5 dxe5 24. dxe5 Qg7 25. Qc4 Rfe8 26. f4 Qa7 27. Qd4
c5 28. Qe3 Qa6 29. Qh3 Re7 30. Qd3 Kg7 1-0

[Event "VIII Weekend B"]
[Site "Porto Sant'Elpidio ITA"]
[Date "2005.11.20"]
[Round "2"]
[White "Cargini, Fabio"]
[Black "Trancanelli, Claudio"]
[Result "0-1"]
[WhiteElo "1548"]
[BlackElo "1693"]
[PlyCount "84"]
[EventDate "2005.11.19"]

1. e4 e5 2. Nf3 Nf6 3. Nxe5 d6 4. Nf3 Nxe4 5. d4 d5 6. Bd3 Bf5 7. O-O Bd6 8. c4
c6 9. Nc3 Bb4 10. Qc2 Bxc3 11. bxc3 O-O 12. Bf4 Nd7 13. cxd5 cxd5 14. Rab1 b6
15. Ng5 Rc8 16. Nxe4 Bxe4 17. Bxe4 dxe4 18. Qxe4 Rxc3 19. Qb7 Nf6 20. Rfe1 Qd7
21. Qxd7 Nxd7 22. Re7 Rd8 23. Rbe1 Rcc8 24. d5 Nf6 25. Bg5 Nxd5 26. Rxa7 f6 27.
Bh4 Re8 28. Rxe8+ Rxe8 29. h3 Re6 30. Bg3 Re7 31. Rxe7 Nxe7 32. Bd6 Kf7 33. a3
Ke6 34. Bc7 b5 35. Kf1 Kd5 36. Ke2 Kc4 37. Bd6 Nd5 38. Kd2 Kb3 39. Bf8 g6 40.
Bd6 Nc3 41. Kc1 Ne4 42. Be5 fxe5 0-1

[Event "VIII Weekend B"]
[Site "Porto Sant'Elpidio ITA"]
[Date "2005.11.20"]
[Round "2"]
[White "Cellini, Francesco"]
[Black "Di Cicco, Daniela"]
[Result "1-0"]
[WhiteElo "1506"]
[BlackElo "1281"]
[PlyCount "73"]
[EventDate "2005.11.19"]

1. c4 e5 2. Nc3 b6 3. e4 Bb7 4. Nf3 f6 5. d3 Bb4 6. a3 Bxc3+ 7. bxc3 Ne7 8. Be2
O-O 9. a4 c5 10. O-O Nbc6 11. Nh4 Qe8 12. Bg4 Kh8 13. Re1 g6 14. Bb2 Bc8 15.
Re3 d6 16. Rh3 Bxg4 17. Qxg4 h5 18. Qe2 Qf7 19. g4 Kg7 20. Kh1 Rh8 21. Rg1 g5
22. gxh5 Rxh5 23. Nf5+ Nxf5 24. Qxh5 Qxh5 25. Rxh5 Kg6 26. Rh3 Ng7 27. Bc1 Nh5
28. Rf3 Rg8 29. h4 Nf4 30. Bxf4 exf4 31. Rxf4 Ne5 32. Rg3 g4 33. d4 cxd4 34.
cxd4 Nxc4 35. Rfxg4+ Kf7 36. Rxg8 Nd2 37. R3g7+ 1-0

[Event "VIII Weekend B"]
[Site "Porto Sant'Elpidio ITA"]
[Date "2005.11.20"]
[Round "2"]
[White "Di Blasio, Walter"]
[Black "Ripa', Daniele"]
[Result "0-1"]
[WhiteElo "1691"]
[BlackElo "1548"]
[PlyCount "44"]
[EventDate "2005.11.19"]

1. d4 Nf6 2. c4 g6 3. Nc3 Bg7 4. e4 d6 5. Nf3 O-O 6. Be3 e5 7. dxe5 dxe5 8.
Qxd8 Rxd8 9. Nd5 Nxd5 10. cxd5 c6 11. Bg5 f6 12. dxc6 Nxc6 13. Bd2 Be6 14. Bc3
Bf8 15. Bb5 Bb4 16. Bxc6 Bxc3+ 17. bxc3 bxc6 18. Nd2 Rd3 19. c4 Rad8 20. Nb3
Bxc4 21. Na5 Bb5 22. f3 Rd2 0-1

[Event "VIII Weekend B"]
[Site "Porto Sant'Elpidio ITA"]
[Date "2005.11.20"]
[Round "2"]
[White "Fratini, Mauro"]
[Black "Olivieri, Gianni"]
[Result "1-0"]
[WhiteElo "1724"]
[BlackElo "1634"]
[PlyCount "65"]
[EventDate "2005.11.19"]

1. d4 Nf6 2. Nf3 d6 3. Bf4 g6 4. e3 Bg7 5. Nbd2 O-O 6. Be2 Nbd7 7. O-O Nh5 8.
Bg5 Re8 9. c3 c6 10. a4 Nf8 11. Nc4 Qc7 12. Bh4 h6 13. Ne1 Be6 14. Nd2 Nf6 15.
c4 b6 16. Bf3 Rac8 17. Nd3 a5 18. Rc1 Qd7 19. c5 bxc5 20. dxc5 Bg4 21. cxd6
Bxf3 22. Qxf3 exd6 23. Nc4 Qc7 24. Bxf6 Bxf6 25. Qxf6 Re6 26. Qc3 d5 27. Nce5
f6 28. Ng4 Kg7 29. h3 Nh7 30. Nf4 Re7 31. Qd3 Nf8 32. Nxd5 Qd7 33. Ngxf6 1-0

[Event "VIII Weekend B"]
[Site "Porto Sant'Elpidio ITA"]
[Date "2005.11.20"]
[Round "2"]
[White "Santarelli, Enrico"]
[Black "Ragnini, Damiano"]
[Result "1-0"]
[WhiteElo "1488"]
[BlackElo "1532"]
[PlyCount "93"]
[EventDate "2005.11.19"]

1. d4 Nf6 2. Nf3 d6 3. e3 g6 4. Nbd2 Bg7 5. Bd3 O-O 6. O-O Nbd7 7. e4 c5 8. c3
Qc7 9. Re1 a6 10. a4 b6 11. b4 Bb7 12. Bb2 e5 13. dxe5 Nxe5 14. Nxe5 dxe5 15.
Qc2 Rac8 16. Nc4 Nh5 17. Rac1 Nf4 18. Bf1 Qe7 19. g3 Ne6 20. Nxb6 Rc7 21. Nd5
Bxd5 22. exd5 Ng5 23. Qe2 Qd6 24. h4 Bh6 25. hxg5 Bxg5 26. Rcd1 f5 27. Qxe5
Qxe5 28. Rxe5 cxb4 29. cxb4 h5 30. f4 Bf6 31. Re2 Bd8 32. Be5 Rc4 33. Rb2 Re4
34. Bxa6 h4 35. Kg2 Kf7 36. gxh4 Bxh4 37. Rh1 g5 38. Rxh4 gxh4 39. Kf3 Ra8 40.
Bd3 Re1 41. a5 Rc8 42. Bxf5 Rcc1 43. Be6+ Ke7 44. Rg2 Rf1+ 45. Ke4 Rfe1+ 46.
Kf5 Rxe5+ 47. Kxe5 1-0

[Event "VIII Weekend B"]
[Site "Porto Sant'Elpidio ITA"]
[Date "2005.11.20"]
[Round "2"]
[White "Senigagliesi, Eros"]
[Black "Marinucci, Johnny"]
[Result "1-0"]
[WhiteElo "1641"]
[BlackElo "1727"]
[PlyCount "93"]
[EventDate "2005.11.19"]

1. e4 Nf6 2. Nc3 d5 3. e5 d4 4. exf6 dxc3 5. fxe7 cxd2+ 6. Qxd2 Qxd2+ 7. Bxd2
Bxe7 8. O-O-O Be6 9. Bf4 c5 10. Nf3 O-O 11. b3 Nc6 12. c3 Bf6 13. Kc2 Bf5+ 14.
Bd3 Bxd3+ 15. Rxd3 Rfe8 16. Be3 b6 17. Rhd1 Rad8 18. Rd7 Rxd7 19. Rxd7 Rd8 20.
Rc7 Rd6 21. Bf4 Re6 22. Rc8+ Nd8 23. Bc7 Re8 24. Ne5 Kf8 25. Bd6+ Kg8 26. Nc6
h5 27. Bc7 Re2+ 28. Kd1 Rxa2 29. Bxd8 Bxd8 30. Rxd8+ Kh7 31. Rd2 Ra3 32. Rb2 a5
33. Ne5 f6 34. Nc4 Ra1+ 35. Ke2 b5 36. Nd6 a4 37. Nxb5 a3 38. Rc2 a2 39. Kd3
Rb1 40. Rxa2 Rxb3 41. Ra5 Kg6 42. h4 Kf5 43. Nd6+ Ke5 44. Ne4 Kd5 45. Rxc5+ Ke6
46. Rc7 Kf5 47. Rxg7 1-0

[Event "VIII Weekend B"]
[Site "Porto Sant'Elpidio ITA"]
[Date "2005.11.20"]
[Round "3"]
[White "Faini, Marco"]
[Black "Baleani, Emanuele"]
[Result "1/2-1/2"]
[WhiteElo "1524"]
[BlackElo "1744"]
[PlyCount "83"]
[EventDate "2005.11.19"]

1. d4 e5 2. c3 exd4 3. cxd4 d5 4. Nc3 Nf6 5. Nf3 c6 6. Bg5 Be7 7. e3 O-O 8. Bd3
Nbd7 9. O-O Qc7 10. Re1 Re8 11. Qc2 Bd6 12. g3 h6 13. Bf4 Nf8 14. Bxd6 Qxd6 15.
Bf5 Bxf5 16. Qxf5 N8d7 17. Rad1 Re7 18. Qc2 Rae8 19. Nd2 Qe6 20. Qd3 a6 21. b4
Qh3 22. Qf1 Qf5 23. Rc1 h5 24. Qg2 g6 25. Qf3 Qg5 26. Kh1 Kg7 27. Qf4 Qxf4 28.
gxf4 Ng4 29. Kg2 Ndf6 30. h3 Nh6 31. a4 Nf5 32. Nf3 Nd7 33. a5 f6 34. Rcd1 Kh6
35. Kh2 g5 36. fxg5+ fxg5 37. Rg1 Nxe3 38. fxe3 Rxe3 39. Nxg5 Rxc3 40. Nf7+ Kh7
41. Ng5+ Kh8 42. Nf7+ 1/2-1/2

[Event "VIII Weekend B"]
[Site "Porto Sant'Elpidio ITA"]
[Date "2005.11.20"]
[Round "3"]
[White "Marinucci, Johnny"]
[Black "Cellini, Francesco"]
[Result "1-0"]
[WhiteElo "1727"]
[BlackElo "1506"]
[PlyCount "97"]
[EventDate "2005.11.19"]

1. d4 Nf6 2. Nf3 g6 3. Bf4 Bg7 4. h3 d5 5. e3 e6 6. c4 Nbd7 7. Nc3 O-O 8. Nb5
Ne8 9. Be2 a6 10. Nc3 c5 11. cxd5 cxd4 12. exd4 Qb6 13. Qd2 Nef6 14. dxe6 Qxe6
15. O-O b5 16. Ng5 Qb6 17. Bf3 Bb7 18. Bxb7 Qxb7 19. Rfe1 Rfd8 20. Re7 Rf8 21.
Nf3 b4 22. Ne2 Ne4 23. Qd3 Rad8 24. Qxe4 Qxe4 25. Rxe4 Nf6 26. Re3 Nd5 27. Rd3
Rfe8 28. Be3 Nxe3 29. fxe3 Bh6 30. Kf2 Re6 31. g4 f6 32. Ng3 Rc8 33. Rad1 Rc2+
34. R1d2 Rxe3 35. Rxe3 Rxd2+ 36. Nxd2 Bxe3+ 37. Kxe3 Kf7 38. Ke4 Ke6 39. Nc4 h6
40. d5+ Kd7 41. Kd4 Ke7 42. Kc5 Kd7 43. Kb6 h5 44. gxh5 gxh5 45. Nf5 h4 46. Nd4
a5 47. Kc5 Kc7 48. d6+ Kd7 49. Nb6+ 1-0

[Event "VIII Weekend B"]
[Site "Porto Sant'Elpidio ITA"]
[Date "2005.11.20"]
[Round "3"]
[White "Menichelli, Alessandro"]
[Black "Cargini, Fabio"]
[Result "1-0"]
[WhiteElo "1493"]
[BlackElo "1548"]
[PlyCount "120"]
[EventDate "2005.11.19"]

1. d4 d5 2. Nf3 Nc6 3. Bf4 Nf6 4. Nc3 a6 5. e3 Bf5 6. Ne5 e6 7. Nxc6 bxc6 8.
Bd3 Bxd3 9. cxd3 Be7 10. Qa4 Qd7 11. Rc1 O-O 12. Nd1 c5 13. Qxd7 Nxd7 14. dxc5
Nxc5 15. Rc3 Bd6 16. Bxd6 cxd6 17. d4 Ne4 18. Rc2 Rfc8 19. Nc3 Rab8 20. O-O Rc7
21. Rfc1 Rbc8 22. f3 Nxc3 23. Rxc3 Rxc3 24. Rxc3 Rxc3 25. bxc3 Kf8 26. a4 Ke7
27. Kf2 Kd7 28. Ke2 Kc6 29. Kd2 Kb6 30. Kc2 Ka5 31. Kb3 f5 32. h3 h5 33. h4 e5
34. g3 e4 35. f4 g6 36. Ka3 Kb6 37. Kb4 a5+ 38. Kb3 Ka6 39. c4 dxc4+ 40. Kxc4
Kb6 41. Kd5 Kc7 42. Ke6 Kc6 43. Kf6 Kd5 44. Kxg6 Kc4 45. Kxf5 Kd3 46. Kg5 Kxe3
47. f5 Kd2 48. f6 e3 49. f7 e2 50. f8=Q e1=Q 51. Qxd6 Kd3 52. Kxh5 Qd1+ 53. Kg5
Qxa4 54. h5 Qb5+ 55. Qc5 Qb8 56. Qf5+ Kc4 57. Qxa5 Kxd4 58. Qa4+ Kd5 59. Qd7+
Kc5 60. Qf5+ Kc6 1-0

[Event "VIII Weekend B"]
[Site "Porto Sant'Elpidio ITA"]
[Date "2005.11.20"]
[Round "3"]
[White "Olivieri, Gianni"]
[Black "Di Blasio, Walter"]
[Result "0-1"]
[WhiteElo "1634"]
[BlackElo "1691"]
[PlyCount "70"]
[EventDate "2005.11.19"]

1. d4 d5 2. c4 e6 3. Nc3 Nf6 4. e3 b6 5. cxd5 exd5 6. Bd3 Bb7 7. Nge2 Nbd7 8.
O-O Be7 9. Ng3 O-O 10. b3 c5 11. Bb2 g6 12. Rc1 Rc8 13. Nce2 Ne4 14. f3 Nxg3
15. Nxg3 Bh4 16. f4 Bxg3 17. hxg3 Qe7 18. Qf3 f5 19. Rce1 Ba8 20. Ba3 Qe6 21.
Qe2 Rfe8 22. Kf2 c4 23. Bc2 Nf6 24. Rh1 b5 25. Rh4 a5 26. Bc5 Bb7 27. b4 Ra8
28. a3 axb4 29. Bxb4 Rac8 30. Bc5 Ba6 31. Qf3 Ng4+ 32. Rxg4 fxg4 33. Qe2 Bb7
34. Rh1 Rxc5 35. dxc5 d4 0-1

[Event "VIII Weekend B"]
[Site "Porto Sant'Elpidio ITA"]
[Date "2005.11.20"]
[Round "3"]
[White "Perdichizzi, Roberto"]
[Black "Ragnini, Damiano"]
[Result "0-1"]
[WhiteElo "1425"]
[BlackElo "1532"]
[PlyCount "75"]
[EventDate "2005.11.19"]

1. e4 c5 2. Nf3 Nc6 3. d4 cxd4 4. Nxd4 Nf6 5. Nc3 e5 6. Nf3 Bb4 7. Bd3 d5 8.
Bd2 Bxc3 9. Bxc3 dxe4 10. Nxe5 exd3 11. Nxd3 Qe7+ 12. Kd2 O-O 13. Re1 Be6 14.
h3 Rfd8 15. Re3 Nd5 16. Rg3 Nxc3 17. bxc3 Ne5 18. a4 Rd7 19. Kc1 Nxd3+ 20. cxd3
Qc5 21. Qc2 Rad8 22. d4 Qd5 23. Rb1 Bf5 24. Qb2 Bxb1 25. Qxb1 Qc4 26. Kd2 Qxa4
27. Re3 Qc4 28. Qe1 Kf8 29. f4 Qa2+ 30. Kd3 Qxg2 31. Qe2 Qg6+ 32. Kd2 h6 33.
Qe1 a5 34. Rg3 Qf6 35. Qe4 Rxd4+ 36. cxd4 Rxd4+ 37. Ke3 Rxe4+ 38. Kxe4 0-1

[Event "VIII Weekend B"]
[Site "Porto Sant'Elpidio ITA"]
[Date "2005.11.20"]
[Round "3"]
[White "Piergentili, Roberto"]
[Black "Battistelli, Gianluca"]
[Result "1-0"]
[WhiteElo "1652"]
[BlackElo "1545"]
[PlyCount "43"]
[EventDate "2005.11.19"]

1. d4 Nf6 2. c4 g6 3. Nc3 Bg7 4. e4 d6 5. f3 Nbd7 6. Be3 O-O 7. Qd2 c6 8. g4 e5
9. d5 Ne8 10. h4 Ndf6 11. O-O-O Bd7 12. Kb1 a6 13. Nge2 b5 14. Ng3 c5 15. h5 b4
16. Nce2 Bxg4 17. fxg4 Nxg4 18. Bh3 Nxe3 19. Qxe3 a5 20. hxg6 fxg6 21. Be6+ Kh8
22. Rxh7+ 1-0

[Event "VIII Weekend B"]
[Site "Porto Sant'Elpidio ITA"]
[Date "2005.11.20"]
[Round "3"]
[White "Ripa', Daniele"]
[Black "Fratini, Mauro"]
[Result "1-0"]
[WhiteElo "1548"]
[BlackElo "1724"]
[PlyCount "77"]
[EventDate "2005.11.19"]

1. e4 Nf6 2. Nc3 d5 3. e5 d4 4. exf6 dxc3 5. fxg7 cxd2+ 6. Bxd2 Bxg7 7. c3 Nc6
8. Qc2 Bg4 9. Be2 Qd7 10. Bxg4 Qxg4 11. Ne2 O-O-O 12. h3 Qe6 13. Bf4 Ne5 14.
O-O Rdg8 15. Bg3 h5 16. Nd4 Qd7 17. Rfe1 Ng6 18. Rad1 Bf6 19. Nf5 Qc6 20. Qe4
Qxe4 21. Rxe4 h4 22. Bh2 e6 23. Rc4 Bd8 24. Nd6+ Kb8 25. Nxf7 e5 26. Nxh8 Rxh8
27. Re4 Bf6 28. Rde1 Rd8 29. f4 exf4 30. Re6 Ne5 31. Rxf6 Nd3 32. Rd1 c5 33.
Bxf4+ Kc8 34. c4 a6 35. Rf7 Rd4 36. Rc7+ Kd8 37. Be3 Nxb2 38. Bxd4 Nxd1 39.
Rxc5 1-0

[Event "VIII Weekend B"]
[Site "Porto Sant'Elpidio ITA"]
[Date "2005.11.20"]
[Round "3"]
[White "Santarelli, Enrico"]
[Black "Morelli, Basilio"]
[Result "1-0"]
[WhiteElo "1488"]
[BlackElo "1527"]
[PlyCount "91"]
[EventDate "2005.11.19"]

1. d4 Nf6 2. Nf3 g6 3. Nbd2 d5 4. e3 Bg7 5. Be2 O-O 6. O-O b6 7. c3 a5 8. a4 c5
9. Re1 Ba6 10. Bxa6 Nxa6 11. Rb1 Qd7 12. Qe2 Ne4 13. Nxe4 dxe4 14. Nd2 cxd4 15.
exd4 Qxa4 16. Nxe4 Qa2 17. Bf4 e6 18. Qb5 Nc7 19. Bxc7 f5 20. Ng5 Rfe8 21. Ra1
Qd5 22. Qxb6 e5 23. Rxa5 exd4 24. Rxa8 Rxa8 25. Qe6+ Qxe6 26. Nxe6 Re8 27. cxd4
Bxd4 28. b3 Kf7 29. Ng5+ Kf8 30. Bd6+ Kg7 31. Rxe8 Kh6 32. Bf4 Kh5 33. h3 h6
34. Nf7 g5 35. Be3 Bc3 36. Re6 Bg7 37. Bd4 Bf8 38. b4 g4 39. hxg4+ Kxg4 40.
Nxh6+ Kh5 41. Nxf5 Bxb4 42. Be3 Kg4 43. Nh6+ Kh5 44. f3 Bf8 45. Nf5 Ba3 46.
Rh6# 1-0

[Event "VIII Weekend B"]
[Site "Porto Sant'Elpidio ITA"]
[Date "2005.11.20"]
[Round "3"]
[White "Trancanelli, Claudio"]
[Black "Senigagliesi, Eros"]
[Result "1-0"]
[WhiteElo "1693"]
[BlackElo "1641"]
[PlyCount "71"]
[EventDate "2005.11.19"]

1. e4 c5 2. b4 e5 3. b5 d6 4. Bc4 f5 5. Bxg8 Rxg8 6. Qh5+ g6 7. Qe2 Bg7 8. c4
fxe4 9. Qxe4 Qc7 10. Nc3 Bf5 11. Qd5 Rf8 12. Ne4 Bxe4 13. Qxe4 Nd7 14. Ne2 Nf6
15. Qc2 O-O-O 16. O-O Nh5 17. Nc3 Nf4 18. d3 Qd7 19. Bxf4 exf4 20. f3 Bd4+ 21.
Kh1 Qg7 22. Rac1 g5 23. Nd5 h5 24. Rce1 Rd7 25. Re4 Be5 26. b6 a6 27. Nc7 Qg6
28. Qa4 g4 29. Nxa6 gxf3 30. Rxf3 Rg8 31. g3 fxg3 32. hxg3 Rf7 33. Nxc5 dxc5
34. Rxe5 Rh7 35. Rxc5+ Kd8 36. Rd5+ 1-0

[Event "VIII Weekend B"]
[Site "Porto Sant'Elpidio ITA"]
[Date "2005.11.26"]
[Round "4"]
[White "Baleani, Emanuele"]
[Black "Menichelli, Alessandro"]
[Result "1-0"]
[WhiteElo "1744"]
[BlackElo "1493"]
[PlyCount "61"]
[EventDate "2005.11.19"]

1. e4 e6 2. d4 d5 3. Nc3 dxe4 4. Nxe4 Nf6 5. Bd3 b6 6. Bg5 Bb7 7. Qf3 Bc6 8.
Bxf6 gxf6 9. Nxf6+ Ke7 10. Be4 Qxd4 11. Bxc6 Nxc6 12. Qxc6 Kxf6 13. Nf3 Qb4+
14. c3 Qxb2 15. O-O Bd6 16. Nd4 Qa3 17. Qf3+ Kg7 18. Nb5 Qa4 19. Nxd6 cxd6 20.
Qg3+ Kf6 21. Qxd6 Rad8 22. Qg3 Rd7 23. Rfe1 Rhd8 24. h3 Rd1 25. Qf3+ Ke7 26.
Rexd1 Rxd1+ 27. Qxd1 Qxd1+ 28. Rxd1 h6 29. g4 f6 30. f4 f5 31. Kf2 1-0

[Event "VIII Weekend B"]
[Site "Porto Sant'Elpidio ITA"]
[Date "2005.11.26"]
[Round "4"]
[White "Battistelli, Gianluca"]
[Black "Marinucci, Johnny"]
[Result "0-1"]
[WhiteElo "1545"]
[BlackElo "1727"]
[PlyCount "96"]
[EventDate "2005.11.19"]

1. d4 d5 2. Nf3 Nf6 3. c4 e6 4. Nc3 c6 5. Bf4 dxc4 6. e4 b5 7. a4 Bb4 8. Bg5
Bxc3+ 9. bxc3 Qa5 10. axb5 Qxc3+ 11. Bd2 Qb3 12. Qxb3 cxb3 13. e5 Nd5 14. Rb1
cxb5 15. Bxb5+ Bd7 16. Bc4 Nb6 17. Bxb3 O-O 18. O-O Nc6 19. Bc2 Rfc8 20. Be4
Rab8 21. Ra1 Nd5 22. h3 Ra8 23. Rfc1 Nce7 24. Rxc8+ Bxc8 25. Bb4 Kf8 26. Ra5
Bb7 27. Bc5 a6 28. Nd2 Ke8 29. Nc4 Nc8 30. g3 h6 31. f4 Bc6 32. Nd6+ Nxd6 33.
Bxd6 Kd7 34. Ra3 Bb5 35. Bc2 Rc8 36. Bc5 g5 37. fxg5 hxg5 38. Bd3 Bxd3 39. Rxd3
Kc6 40. Rf3 Rc7 41. h4 g4 42. Rb3 a5 43. Rb2 Ne3 44. Rb1 Nf5 45. Kf2 Rb7 46.
Rxb7 Kxb7 47. h5 Kc6 48. Ke2 Nxg3+ 0-1

[Event "VIII Weekend B"]
[Site "Porto Sant'Elpidio ITA"]
[Date "2005.11.26"]
[Round "4"]
[White "Cargini, Fabio"]
[Black "Faini, Marco"]
[Result "0-1"]
[WhiteElo "1548"]
[BlackElo "1524"]
[PlyCount "118"]
[EventDate "2005.11.19"]

1. e4 d5 2. exd5 Qxd5 3. Nc3 Qa5 4. Nf3 Nf6 5. Bc4 Bg4 6. O-O e6 7. h3 Bh5 8.
d4 c6 9. Re1 Bd6 10. Ne4 Nxe4 11. Rxe4 O-O 12. Be2 Nd7 13. Bd2 Qc7 14. Ne5 Bxe2
15. Qxe2 Nxe5 16. dxe5 Be7 17. Qg4 Rfd8 18. Bh6 g6 19. Bg5 Re8 20. Bf6 Bf8 21.
Qg3 Bg7 22. Rh4 Bxf6 23. exf6 Qxg3 24. fxg3 Red8 25. Rf1 Rd2 26. Rf2 Rad8 27.
Rxd2 Rxd2 28. Rc4 Rd5 29. g4 h5 30. Kh2 hxg4 31. hxg4 Kh7 32. Kg3 Kh6 33. Kh4
g5+ 34. Kg3 Kg6 35. Rc3 Kxf6 36. Ra3 a6 37. Rb3 Rb5 38. Rf3+ Ke7 39. b3 Rd5 40.
Rf2 f5 41. gxf5 exf5 42. Re2+ Kf7 43. Kf3 Rd7 44. g3 b6 45. Rh2 Kg6 46. Re2 Rd6
47. Re8 Kf7 48. Ra8 a5 49. Rb8 c5 50. Rh8 Kf6 51. Rh6+ Ke5 52. Rxd6 Kxd6 53. g4
f4 54. Ke4 b5 55. a3 Ke6 56. c3 b4 57. cxb4 cxb4 58. a4 Kd6 59. Kf3 Kd5 0-1

[Event "VIII Weekend B"]
[Site "Porto Sant'Elpidio ITA"]
[Date "2005.11.26"]
[Round "4"]
[White "Cellini, Francesco"]
[Black "Olivieri, Gianni"]
[Result "1-0"]
[WhiteElo "1506"]
[BlackElo "1634"]
[PlyCount "73"]
[EventDate "2005.11.19"]

1. c4 Nf6 2. Nc3 g6 3. e4 d6 4. Nf3 Bg7 5. d4 Nbd7 6. Be2 O-O 7. O-O Re8 8. Bg5
e5 9. d5 c6 10. dxc6 bxc6 11. Qxd6 Re6 12. Qd2 Qc7 13. Rad1 Bb7 14. Bh6 Bf8 15.
Bxf8 Nxf8 16. c5 Qd7 17. Qg5 Qe7 18. Bc4 h6 19. Qxh6 Ng4 20. Qh3 Nxh2 21. Qxh2
Qxc5 22. Bxe6 Nxe6 23. Nxe5 Nf8 24. Qf4 Qe7 25. Rd3 Kg7 26. Rh3 g5 27. Qf5 Bc8
28. Nxc6 Bxf5 29. Nxe7 Bxh3 30. gxh3 Rb8 31. b3 Rb7 32. Ncd5 Ne6 33. Nf5+ Kg6
34. f4 f6 35. Nfe7+ Kh5 36. Nxf6+ Kh4 37. Nf5+ 1-0

[Event "VIII Weekend B"]
[Site "Porto Sant'Elpidio ITA"]
[Date "2005.11.26"]
[Round "4"]
[White "Di Blasio, Walter"]
[Black "Santarelli, Enrico"]
[Result "1/2-1/2"]
[WhiteElo "1691"]
[BlackElo "1488"]
[PlyCount "110"]
[EventDate "2005.11.19"]

1. c4 c5 2. Nc3 Nf6 3. Nf3 e6 4. e4 d6 5. d4 cxd4 6. Nxd4 a6 7. Be3 Bd7 8. Be2
Nc6 9. O-O Be7 10. a3 O-O 11. b4 b6 12. f4 Nxd4 13. Qxd4 Bc6 14. b5 axb5 15.
cxb5 Bb7 16. Qxb6 Qxb6 17. Bxb6 Nxe4 18. Nxe4 Bxe4 19. a4 Rfb8 20. a5 Bf6 21.
Rad1 Bc3 22. Bc7 Rb7 23. Bxd6 Bxa5 24. Ra1 Bb6+ 25. Kh1 Rd8 26. Rfd1 Bd5 27.
Bb4 Rbd7 28. Ba5 Bxa5 29. Rxa5 g6 30. Kg1 h5 31. Ra4 f5 32. Rad4 Kf8 33. Kf2
Ke7 34. Ra4 Rd6 35. g3 Kf6 36. Ra6 e5 37. Rxd6+ Rxd6 38. Bc4 Ke6 39. Bxd5+ Rxd5
40. Rxd5 Kxd5 41. b6 Kc6 42. b7 Kxb7 43. fxe5 Kc6 44. Ke3 Kd5 45. Kf4 Ke6 46.
h4 Kd5 47. Kg5 Kxe5 48. Kxg6 f4 49. gxf4+ Kxf4 50. Kxh5 Kf5 51. Kh6 Kf6 52. h5
Kf7 53. Kh7 Kf8 54. Kh8 Kf7 55. h6 Kf8 1/2-1/2

[Event "VIII Weekend B"]
[Site "Porto Sant'Elpidio ITA"]
[Date "2005.11.26"]
[Round "4"]
[White "Morelli, Basilio"]
[Black "Di Cicco, Daniela"]
[Result "1-0"]
[WhiteElo "1527"]
[BlackElo "1281"]
[PlyCount "131"]
[EventDate "2005.11.19"]

1. d4 d5 2. Nf3 Nf6 3. Bf4 e6 4. e3 Be7 5. Nbd2 O-O 6. Bd3 Nbd7 7. c3 c5 8. O-O
c4 9. Bc2 Re8 10. e4 Nf8 11. h3 Ng6 12. Bh2 Nh5 13. e5 Nhf4 14. Bxf4 Nxf4 15.
Nh2 Rf8 16. Qf3 Bg5 17. Kh1 Bd7 18. Rfe1 Be8 19. Ndf1 f6 20. exf6 Rxf6 21. Ng4
Bh5 22. Nxf6+ Qxf6 23. g4 Bg6 24. Bxg6 hxg6 25. Ne3 Rf8 26. Rf1 Nd3 27. Qxf6
Rxf6 28. Kg2 Bh4 29. f3 Nf4+ 30. Kh2 g5 31. Ng2 Ne2 32. Nxh4 gxh4 33. Rf2 Nf4
34. b3 g5 35. bxc4 dxc4 36. Rb1 Nd3 37. Rff1 b6 38. Kg2 Nf4+ 39. Kh2 Ne2 40.
Rbe1 Nxc3 41. Re5 Nd5 42. Rxg5+ Kf7 43. Rh5 Kg6 44. Rxh4 c3 45. Rh8 Ne3 46. Rf2
c2 47. Rc8 Rf4 48. Rfxc2 Nxc2 49. Rxc2 Rxd4 50. h4 Kf6 51. Kg3 Ke5 52. Re2+ Kd5
53. Re3 Rd2 54. a3 e5 55. h5 Ke6 56. f4 Rd5 57. Rxe5+ Rxe5 58. fxe5 Kxe5 59.
Kf3 a5 60. h6 Kf6 61. g5+ Kg6 62. a4 Kh7 63. Ke3 Kg6 64. Kd3 Kf7 65. Kc3 Kg6
66. Kc4 1-0

[Event "VIII Weekend B"]
[Site "Porto Sant'Elpidio ITA"]
[Date "2005.11.26"]
[Round "4"]
[White "Piergentili, Roberto"]
[Black "Trancanelli, Claudio"]
[Result "0-1"]
[WhiteElo "1652"]
[BlackElo "1693"]
[PlyCount "58"]
[EventDate "2005.11.19"]

1. d4 Nf6 2. c4 c5 3. d5 b5 4. cxb5 a6 5. bxa6 Bxa6 6. Nc3 d6 7. e4 Bxf1 8.
Kxf1 Nbd7 9. g3 g6 10. Kg2 Bg7 11. h3 O-O 12. Nf3 Qc7 13. Re1 Rfb8 14. Qc2 Rb7
15. Bd2 c4 16. Nd4 Rab8 17. Reb1 Ne5 18. f4 Nd3 19. Nc6 Rxb2 20. Rxb2 Rxb2 21.
Qd1 Qb6 22. Qe2 Qb7 23. Qd1 Nd7 24. Rb1 Bxc3 25. Rxb2 Qxb2 26. Kf3 Qxd2 27. Qa4
Qf2+ 28. Kg4 h5+ 29. Kg5 Qxg3+ 0-1